000 00237nam a2200097Ia 4500
001 718454
005 20250826163023.0
008 250824s9999 xx 000 0 und d
245 0 _aZÜRAFA TOZU
_cERİM ŞİŞMAN
260 _bPANAMA YAYINLARI
999 _c718454
_d718454